000
00315nam a22001337a 4500
008
171011b xxu||||| |||| 00| 0 eng d
020
_a
9780521778220
041
_a
eng
080
_2
2ND
_a
316
100
_a
50
101
_a
SOC
245
_a
WOMEN AND GENDER IN EARLY MODERN EUROPE
_c
WIESNER,M.E
942
_2
udc
_c
BK
999
_c
33149
_d
33149